000 01283nam a2200337 i 4500
003 EG-GICUC
005 20260310132900.0
008 260122m20082009ye ||||fr|||| 00| 0 ara d
017 _a2008/656
040 _a EG-GICUC
_bara
_c EG-GICUC
_d EG-GICUC
_erda
041 _aara
082 0 4 _221
_a343.82
_bص ا . ع
092 0 4 _221
099 _aLaw1 10 343.82 ص ا . ع 2008
100 0 _aصالح علي سالم بن شرحي المرفدي
_eمؤلف.
245 1 0 _aعلم النفس الجنائي وعلم النفس القضائي.
_nالجزء الثانى،
_pعلم النفس القضائى/
_cصالح علي سالم بن شرحي المرفدي.
250 _aالطبعة الاولى
264 1 _aاليمن :
_bمركز الصادق،
_c2008.
300 _a236 صفحة ؛
_c24 سم.
336 _2rda content
_atext
337 _2rda media
_aComputer
338 _2rda carrier
_aOnline Resource
504 _aببليوجرافيات: صفحات 233-236.
546 _aالنص باللغة العربية
650 1 4 _aعلم النفس القضائي
_2qrmak
650 1 4 _aالقانون الجنائى
_2qrmak
651 1 _2qrmak
856 4 0 _uhttps://fll.law.cu.edu.eg/fulltext/bks/B10-07964.pdf
905 _a54
_eYara
942 _2ddc
_n0
_cBK
_e21
999 _c58603
_d58603